|
|
|
|
| LEADER |
00000nam a2200000 a 4500 |
| 001 |
UCL9688 |
| 003 |
CL-VaPUC |
| 008 |
040820e20010000AG |||||||||||||||||spa|d |
| 020 |
|
|
|a 950025204X
|
| 082 |
0 |
4 |
|a 512
|b ROJ
|2 21
|
| 100 |
0 |
|
|a Rojo, Armando O
|e author
|9 487608
|
| 245 |
1 |
0 |
|a Algebra I
|
| 250 |
|
|
|a 20a. ed
|
| 300 |
|
|
|a 477 p
|
| 942 |
|
|
|c BK
|
| 945 |
|
|
|d 20040820 00:00:00
|a cmena
|
| 260 |
|
|
|a Buenos Aires
|b El Ateneo
|c 2001
|
| 650 |
|
0 |
|a Álgebra
|9 259567
|
| 650 |
|
0 |
|a Teoría de conjuntos
|9 265668
|
| 650 |
|
0 |
|a Funciones (Matemáticas)
|9 338128
|
| 650 |
|
0 |
|a Números reales
|9 270334
|
| 650 |
|
0 |
|a Números complejos
|9 270335
|
| 650 |
|
0 |
|a Polinomios
|9 270626
|
| 583 |
|
|
|a last modification
|c 20040820 00:00:00
|k Rodrigo Vera
|
| 999 |
|
|
|c 310403
|d 310401
|
| 952 |
|
|
|0 0
|1 0
|4 0
|6 512_000000000000000_ROJ_2001
|7 0
|8 A
|9 378785
|a BIBMAT
|b BIBMAT
|d 2019-11-21
|i 4050940
|l 1
|o 512 ROJ 2001
|p 4050940
|r 2025-01-07
|s 2022-04-28
|w 2019-11-21
|y BK
|k MAT
|
| 952 |
|
|
|0 0
|1 0
|4 0
|6 512_000000000000000_ROJ_2001
|7 0
|8 A
|9 378786
|a BIBMAT
|b BIBMAT
|d 2019-11-21
|i 4050932
|o 512 ROJ 2001
|p 4050932
|r 2025-01-07
|w 2019-11-21
|y BK
|k MAT
|